Statistics for NBA All Around Accumulators

Click here to take the quiz!

General Stats

  • This quiz has been taken 16 times
  • The average score is 34 of 101

Answer Stats

PointsReboundsAssistsStealsBlocksPlayer% Correct
3838717440566011603189Kareem Abdul-Jabbar
100%
33643704763061944640Kobe Bryant
100%
36873*10164*10011*2134*1037*LeBron James
100%
32292667256332514893Michael Jordan
100%
25138*6550*3940*1007*1024*Kevin Durant
88%
177076559101411724374Magic Johnson
88%
285961309930267392732Shaquille O'Neal
88%
2694613748305821623830Hakeem Olajuwon
81%
3002610525517622721941Julius Erving
81%
3692814968524820851145Karl Malone
81%
12748646526771025632Mickey Johnson
81%
18940749461352307947Scottie Pippen
81%
1403465902273764850David West
75%
21791897456951556755Larry Bird
75%
2958017834193611991889Moses Malone
75%
2649615091422510253020Tim Duncan
75%
3156011489365112101281Dirk Nowitzki
69%
23240*5206*6272*1436*508*James Harden
69%
23076*7467*8540*1692*311*Russell Westbrook
69%
28205*7774*3415*1220*642*Carmelo Anthony
63%
1718975921795730932Chris Bosh
63%
2079010497244113882954David Robinson
63%
2481511607221511362894Patrick Ewing
63%
237571254642151648888Charles Barkley
56%
195916306309414021390Clifford Robinson
56%
175298725120912684450Jason Kidd
56%
2607114662544518592037Kevin Garnett
56%
22195667761252207719Clyde Drexler
50%
19366*14546*1670*1076*2223*Dwight Howard
50%
14077*6050*2977*755*845*Giannis Antetokounmpo
50%
12810695121417011073Mychal Thompson
50%
26397752747081752745Paul Pierce
50%
18381527641611136807Tracy McGrady
50%
25728660647141530888Vince Carter
50%
1615974282663818312Juwan Howard
44%
171828124352611971200Chris Webber
38%
26668716926771378642Dominique Wilkins
38%
265955602279812831047George Gervin
38%
12514660429967921254Marc Gasol
38%
208941130539256061941Pau Gasol
38%
160067404199410901460Rasheed Wallace
38%
153478834170411851279Shawn Kemp
38%
25613653843511067833Alex English
31%
249411633030506483178Artis Gilmore
31%
113915739252213871319Bobby Jones
31%
1678413017164610801100Buck Williams
31%
102411068518006852297Caldwell Jones
31%
11944650918566051605Herb Williams
31%
129966653278910831713Josh Smith
31%
10001*5304*3205*604*365*Nikola Jokić
31%
133989326354112881631Vlade Divac
31%
14325*5945*2991*613*349*Blake Griffin
25%
18787804819517511147Bob McAdoo
25%
273131627923988641771Elvin Hayes
25%
17137616942521248576Grant Hill
25%
12902*7697*3109*753*1114*Al Horford
19%
13790104002184710965Bill Laimbeer
19%
12697*6606*1961*872*738*DeMarcus Cousins
19%
10624137693822628367Wes Unseld
19%
18578102082049834301Zach Randolph
19%
13910693740121289808Alvan Adams
13%
13934*6016*5113*1756*629*Andre Iguodala
13%
20042815717611048421Antawn Jamison
13%
16827904021849401828Elton Brand
13%
129969443257511431136Horace Grant
13%
15687735223938722027Larry Nance
13%
1770010101219817591233Shawn Marion
13%
15647689131701085469Antoine Walker
6%
1553057152846661303Bob Dandridge
6%
19248969830077771100Bob Lanier
6%
1397681921928765346Carlos Boozer
6%
124171220532171351384Charles Oakley
6%
27482111332907943532Dan Issel
6%
12884723219856061051Derrick Coleman
6%
20558873020757581186LaMarcus Aldridge
6%
1336154682042880444Luol Deng
6%
1485793062498803659Maurice Lucas
6%
17600103702730840501Otis Thorpe
6%
15324766619751105933Sam Perkins
6%
19460863021901255650Terry Cummings
6%
1046552611862671433Cedric Maxwell
0%
1112158062224917675Christian Laettner
0%
11657750216556951160Dan Roundfield
0%
1123273201825625329David Lee
0%
1576170233833856312Detlef Schrempf
0%
17009923330891448332George McGinnis
0%
1728710816348811621048Jack Sikma
0%
11825633921341439799Jerome Kersey
0%
1278180593554848892Lamar Odom
0%
10909582817191041721Nenê
0%
12361*7626*2007*639*669*Nikola Vučević
0%
145317669237713251044Paul Millsap
0%
15579543317651115541Rashard Lewis
0%
17264607222121209774Rudy Gay
0%
10303968737549991160Sam Lacey
0%
1502862392109820638Shareef Abdur-Rahim
0%
13763*6288*1976*1517*441*Thaddeus Young
0%
2004967032283885627Tom Chambers
0%
11581*5345*2375*1627*353*Trevor Ariza
0%
1360653131775791416Xavier McDaniel
0%

Score Distribution

Percentile by Number Answered

Percent of People with Each Score

Your Score History

You have not taken this quiz